Loading...
| Social Science | 0 | 5 | 0 | 0 | 50 | 63 | 87.60 | 3 | 5 | 0.00 | 0.00 |
| History - Other | 0 | 5 | 0 | 0 | 50 | 97 | 110.00 | 3 | 5 | 0.00 | 0.00 |
| History - European | 0 | 4 | 0 | 1 | 40 | 89 | 108.25 | 2 | 4 | 0.00 | 0.00 |
| History - American | 0 | 4 | 1 | 2 | 35 | 83 | 101.25 | 2 | 4 | 0.00 | 0.00 |
| History - World | 0 | 4 | 1 | 0 | 35 | 81 | 105.25 | 1 | 4 | 0.00 | 0.00 |
| Literature - World | 0 | 3 | 0 | 2 | 30 | 80 | 111.00 | 1 | 3 | 0.00 | 0.00 |
| Mythology | 0 | 2 | 0 | 0 | 20 | 31 | 37.50 | 2 | 2 | 0.00 | 0.00 |
| Literature - American | 0 | 2 | 0 | 0 | 20 | 109 | 126.00 | 0 | 2 | 0.00 | 0.00 |
| Religion | 0 | 2 | 0 | 0 | 20 | 70 | 88.50 | 1 | 2 | 0.00 | 0.00 |
| Science - Biology | 0 | 2 | 0 | 1 | 20 | 103 | 110.50 | 0 | 2 | 0.00 | 0.00 |
| Literature - European | 0 | 1 | 0 | 0 | 10 | 115 | 115.00 | 1 | 1 | 0.00 | 0.00 |
| Fine Arts - Painting & Sculpture | 0 | 1 | 0 | 0 | 10 | 125 | 125.00 | 0 | 1 | 0.00 | 0.00 |
| Other | 0 | 1 | 0 | 0 | 10 | 113 | 113.00 | 0 | 1 | 0.00 | 0.00 |
| Fine Arts - Other | 0 | 1 | 1 | 0 | 5 | 75 | 75.00 | 0 | 1 | 0.00 | 0.00 |